[Event "European Blitz 2017"]
[Site "Katowice POL"]
[Date "2017.12.15"]
[Round "18.56"]
[White "Jahncke, Giso"]
[Black "Jaroch, Karol"]
[Result "1-0"]
[WhiteTitle "FM"]
[WhiteElo "2403"]
[BlackElo "2252"]
[WhiteFideId "24608289"]
[BlackFideId "1130609"]
[EventDate "2017.12.15"]
[EventType "blitz"]

1. Nf3 e6 2. c4 Nf6 3. g3 b6 4. Bg2 Bb7 5. O-O d6 6. Nc3 Nbd7 7. Re1 Be7 8. e4
O-O 9. d4 e5 10. d5 a5 11. b3 Nc5 12. Bb2 Bc8 13. a3 Na6 14. Nb5 Bd7 15. Qd2 Nc5
16. Qc2 Bg4 17. h3 Bh5 18. Nd2 Bg6 19. b4 Na6 20. Bc3 Nb8 21. Nb3 axb4 22. axb4
Rxa1 23. Bxa1 Nbd7 24. f4 exf4 25. gxf4 Ne8 26. N3d4 Nb8 27. Qe2 h6 28. Na7 Bf6
29. Ndc6 Nxc6 30. Nxc6 Qd7 31. e5 dxe5 32. fxe5 Bh4 33. Rf1 Kh7 34. e6 fxe6 35.
Rxf8 exd5 36. Ne5 Qe7 37. Qf1 Nf6 38. Nxg6 Kxg6 39. Bxf6 Qxf8 40. Bxh4 Qxb4 41.
Bxd5 Qc5+ 42. Bf2 Qe7 43. Qd3+ Kg5 44. Qg3+ Kf5 45. Qg4+ Kf6 46. Bh4+ g5 47. Bf2
Qd6 48. Qf3+ Kg7 49. Bd4+ Kg6 50. Be4# 1-0

[Event "European Blitz 2017"]
[Site "Katowice POL"]
[Date "2017.12.15"]
[Round "18.57"]
[White "Kantans, Toms"]
[Black "Dzhuguryan, Tygran"]
[Result "1-0"]
[WhiteTitle "GM"]
[WhiteElo "2484"]
[BlackElo "2220"]
[WhiteFideId "11602945"]
[BlackFideId "21872988"]
[EventDate "2017.12.15"]
[EventType "blitz"]

1. e4 c6 2. d4 d5 3. e5 Bf5 4. Nf3 e6 5. Be2 Nd7 6. O-O Ne7 7. Nbd2 Bg4 8. c4
Nf5 9. h3 Bxf3 10. Nxf3 dxc4 11. Bxc4 Nb6 12. Bb3 Be7 13. Bc2 O-O 14. Qd3 g6 15.
Bd2 Kg7 16. b4 a6 17. a3 Nh4 18. Nh2 Bg5 19. Ng4 h5 20. Bxg5 Qxg5 21. f4 Qe7 22.
Nf6 Nd5 23. Ne4 Nf5 24. Rf3 h4 25. Qd2 Rad8 26. Qf2 Nb6 27. Rd1 Rd7 28. Nf6 Rfd8
29. Bxf5 exf5 30. Qxh4 Rh8 31. Qf2 Nd5 32. Nxd7 Qxd7 33. Rb3 Qc7 34. a4 Qb6 35.
Kh2 Rd8 36. Qd2 Nc7 37. Rd3 Rd5 38. g4 Ne6 39. gxf5 gxf5 40. Qf2 Kf8 41. Qh4
Rxd4 42. Qh8+ Ke7 43. Qf6+ Ke8 44. Rxd4 Nxd4 45. Qh8+ Ke7 46. Qh4+ Ke8 47. Qf2 1-0

[Event "European Blitz 2017"]
[Site "Katowice POL"]
[Date "2017.12.15"]
[Round "18.58"]
[White "Shkapenko, Pavel"]
[Black "Terletsky, Oleg"]
[Result "1-0"]
[WhiteTitle "IM"]
[BlackTitle "FM"]
[WhiteElo "2431"]
[BlackElo "2384"]
[WhiteFideId "4151933"]
[BlackFideId "14116774"]
[EventDate "2017.12.15"]
[EventType "blitz"]

1. e4 e5 2. Nf3 Nc6 3. g3 Nf6 4. d3 Bc5 5. Bg2 d6 6. O-O h6 7. c3 a5 8. a4 Bg4
9. h3 Bh5 10. g4 Bg6 11. Nh4 Nh7 12. Nf5 Bxf5 13. exf5 h5 14. Re1 hxg4 15. hxg4
Qh4 16. d4 Bb6 17. Bf4 Nf6 18. Bg3 Qxg4 19. Qxg4 Nxg4 20. Nd2 O-O-O 21. Nc4 f6
22. Nxb6+ cxb6 23. b4 axb4 24. d5 Ne7 25. cxb4 Nxf5 26. a5 Nxg3 27. fxg3 bxa5
28. bxa5 Kd7 29. Rab1 Rb8 30. Rb6 Nh6 31. Reb1 Kc7 32. Rc1+ Kd7 33. Bf1 Rhc8 34.
Bb5+ Ke7 35. Rxc8 Rxc8 36. Rxb7+ Kf8 37. Bc6 Nf5 38. a6 Ne7 39. a7 1-0

[Event "European Blitz 2017"]
[Site "Katowice POL"]
[Date "2017.12.15"]
[Round "18.59"]
[White "Bartel, Michal"]
[Black "Muter, Donny"]
[Result "1-0"]
[WhiteTitle "FM"]
[WhiteElo "2360"]
[BlackElo "2206"]
[WhiteFideId "1119257"]
[BlackFideId "409170"]
[EventDate "2017.12.15"]
[EventType "blitz"]

1. e4 c5 2. Ne2 e6 3. g3 Nc6 4. Bg2 g6 5. d4 cxd4 6. Nxd4 a6 7. Nxc6 dxc6 8.
Qxd8+ Kxd8 9. Be3 e5 10. Bb6+ Ke8 11. Nd2 Be6 12. O-O-O Nf6 13. Nb3 Nd7 14. Be3
a5 15. Kb1 a4 16. Nc1 h5 17. Rd2 Bb4 18. c3 Be7 19. Rhd1 h4 20. Nd3 hxg3 21.
hxg3 Rh2 22. Bf3 a3 23. b3 f5 24. Rh1 Rxh1+ 25. Bxh1 Kf7 26. Bf3 Rh8 27. Rd1 Rh2
28. Rh1 Rxh1+ 29. Bxh1 Bd6 30. Ne1 Nf6 31. exf5 Bxf5+ 32. Kc1 Ng4 33. Bb6 Be7
34. b4 Bg5+ 35. Kd1 Bb1 36. Nc2 Bxa2 37. Nxa3 Bd5 38. Bxd5+ cxd5 39. Nb5 Ke6 40.
Ke2 Nf6 41. Bc5 Ne4 42. Nc7+ Kd7 43. Nxd5 Nxc5 44. bxc5 Kc6 45. Nb4+ Kxc5 46.
Kd3 Bf6 47. f3 Kd6 48. Kc4 Bg5 49. Nd3 Be3 50. Kb5 g5 51. c4 b6 52. Nb4 e4 53.
fxe4 Ke5 54. Nd5 Bc5 55. Nxb6 Bf2 56. c5 Kxe4 57. g4 Bg3 58. Nd7 Kf3 59. Nf6 Be5
60. c6 Ke3 61. Kc5 Kf4 62. Kd5 Bc7 63. Ke6 Ba5 64. Kf7 Bb6 65. Nd5+ 1-0

[Event "European Blitz 2017"]
[Site "Katowice POL"]
[Date "2017.12.15"]
[Round "18.60"]
[White "Heinzel, Olaf"]
[Black "Kukula, Pawel"]
[Result "0-1"]
[WhiteTitle "IM"]
[WhiteElo "2360"]
[BlackElo "2181"]
[WhiteFideId "4626664"]
[BlackFideId "1115081"]
[EventDate "2017.12.15"]
[EventType "blitz"]

1. d4 f5 2. Bf4 Nf6 3. e3 e6 4. Nf3 Be7 5. h3 O-O 6. Nbd2 d6 7. Bc4 d5 8. Bd3
Bd6 9. Ne5 Nbd7 10. Ndf3 Ne4 11. g4 Nxe5 12. Nxe5 Qh4 13. Qe2 fxg4 14. Bxe4 dxe4
15. O-O-O gxh3 16. Rdg1 Bxe5 17. Bxe5 Rf7 18. Rg4 Qh6 19. Qf1 Qh5 20. Qg1 g6 21.
Qg3 Rxf2 22. Rxh3 Qf5 23. Qh4 Rf1+ 24. Kd2 Qf2+ 25. Qxf2 Rxf2+ 26. Kc3 Bd7 27.
Rxe4 Rc8 28. Rg4 c5 29. Kb3 cxd4 30. Rxd4 Bc6 31. c4 b5 32. Rd6 bxc4+ 33. Kc3
Rf7 34. a3 Bd5 35. e4 Bxe4 36. Rxe6 Bf5 0-1

[Event "European Blitz 2017"]
[Site "Katowice POL"]
[Date "2017.12.15"]
[Round "18.61"]
[White "Tomczak, Mikolaj"]
[Black "Stenner, Patrick"]
[Result "1-0"]
[WhiteTitle "FM"]
[WhiteElo "2372"]
[BlackElo "2248"]
[WhiteFideId "1175114"]
[BlackFideId "4615760"]
[EventDate "2017.12.15"]
[EventType "blitz"]

1. d4 g6 2. c4 Bg7 3. Nf3 e6 4. Nc3 Ne7 5. g3 b6 6. Bg2 Bb7 7. O-O O-O 8. Bd2 d6
9. Rc1 Nd7 10. e4 c5 11. h3 cxd4 12. Nb5 Bxe4 13. Nxd6 Bc6 14. b4 Rb8 15. Bg5 e5
16. Re1 f6 17. Bd2 Nc8 18. Nxc8 Qxc8 19. h4 Qb7 20. b5 Be4 21. Bb4 Nc5 22. Bxc5
bxc5 23. h5 Bh6 24. Rxe4 Qxe4 25. Nh4 Qxg2+ 26. Kxg2 Bxc1 27. Qxc1 Kg7 28. Qd1
f5 29. Qd2 f4 30. Qe2 Rbe8 31. Qg4 fxg3 32. fxg3 e4 33. hxg6 e3 34. Qd7+ Kh6 35.
Qxh7+ Kg5 1-0

[Event "European Blitz 2017"]
[Site "Katowice POL"]
[Date "2017.12.15"]
[Round "18.62"]
[White "Stojcevski, Zoran"]
[Black "Lupik, Marina"]
[Result "1-0"]
[WhiteTitle "FM"]
[BlackTitle "WIM"]
[WhiteElo "2337"]
[BlackElo "2190"]
[WhiteFideId "15000192"]
[BlackFideId "4177495"]
[EventDate "2017.12.15"]
[EventType "blitz"]

1. e4 c5 2. Nc3 Nc6 3. f4 g6 4. Nf3 Bg7 5. Bb5 e6 6. O-O Nd4 7. Nxd4 cxd4 8. Ne2
a6 9. Bd3 d5 10. e5 Qb6 11. Qe1 Ne7 12. b3 f6 13. exf6 Bxf6 14. Bb2 O-O 15. Kh1
Nc6 16. Qg3 Bg7 17. h4 Nb4 18. h5 Nxd3 19. cxd3 Kf7 20. Rac1 Bd7 21. Ba3 Rfc8
22. hxg6+ hxg6 23. Qf2 Rxc1 24. Nxc1 Bf6 25. Bb2 Rh8+ 26. Kg1 Bb5 27. a4 Bd7 28.
Ba1 Qb4 29. Ne2 Qf8 30. Bxd4 Qh6 31. Qg3 Bxd4+ 32. Nxd4 Qh1+ 33. Kf2 Qh5 34. Nf3
Qf5 35. Ne5+ Ke8 36. Qxg6+ Qxg6 37. Nxg6 Rg8 38. Ne5 Bc6 39. d4 Ke7 40. g4 Be8
41. Rh1 b5 42. a5 Rg7 43. Kg3 Kd6 44. Rh6 b4 45. f5 Bd7 46. Nxd7 Kxd7 47. Rxe6
Kc7 48. Rxa6 Re7 49. Ra7+ 1-0

[Event "European Blitz 2017"]
[Site "Katowice POL"]
[Date "2017.12.15"]
[Round "18.63"]
[White "Schulz, Karsten"]
[Black "Szpar, Milosz"]
[Result "1-0"]
[WhiteTitle "FM"]
[BlackTitle "FM"]
[WhiteElo "2293"]
[BlackElo "2367"]
[WhiteFideId "4611446"]
[BlackFideId "1184989"]
[EventDate "2017.12.15"]
[EventType "blitz"]

1. Nf3 Nf6 2. g3 d5 3. Bg2 Bf5 4. d3 h6 5. O-O e6 6. c4 Nbd7 7. cxd5 exd5 8. Nc3
Be7 9. e4 dxe4 10. dxe4 Nxe4 11. Nd4 Nxc3 12. bxc3 Bg6 13. Bxb7 Nc5 14. Qf3 Nxb7
15. Qxb7 O-O 16. Re1 Bc5 17. Be3 Qd7 18. Qf3 Bb6 19. a4 Rfe8 20. a5 Be4 21. Qe2
Bxd4 22. Bxd4 Bb7 23. Qh5 Qc6 24. f3 a6 25. Kf2 Re6 26. Rxe6 Qxe6 27. Re1 Qc6
28. Qg4 g6 29. Re3 Re8 30. Qf4 Rxe3 31. Qxe3 g5 32. g4 Qe6 33. Qe5 Qxe5 34. Bxe5
c6 35. Ke3 Kh7 36. Kd4 c5+ 37. Kxc5 Bxf3 38. Kb6 Bxg4 39. Kxa6 Be2+ 40. Kb6 f5
41. a6 f4 42. a7 Bf3 43. c4 Ba8 44. c5 f3 45. Bg3 h5 46. c6 h4 47. Bf2 1-0

[Event "European Blitz 2017"]
[Site "Katowice POL"]
[Date "2017.12.15"]
[Round "18.64"]
[White "Zaleski, Lukasz"]
[Black "Kashtanov, Ruslan"]
[Result "1-0"]
[BlackTitle "IM"]
[WhiteElo "2229"]
[BlackElo "2376"]
[WhiteFideId "1172611"]
[BlackFideId "4124871"]
[EventDate "2017.12.15"]
[EventType "blitz"]

1. e4 c5 2. Nf3 Nc6 3. Bb5 Nf6 4. Bxc6 dxc6 5. e5 Nd5 6. O-O g6 7. d3 Bg7 8. Qe2
Bg4 9. Re1 Qc7 10. c4 Bxf3 11. Qxf3 Nb4 12. Na3 Bxe5 13. Qe3 Bd4 14. Qe2 O-O-O
15. Rb1 Nxd3 16. Rd1 Nxf2 17. Rxd4 Nh3+ 18. gxh3 cxd4 19. Qe4 f5 20. Qe6+ Qd7
21. Qe5 d3 22. Bf4 Qd4+ 23. Qxd4 Rxd4 24. Be5 Rhd8 25. Bxd4 Rxd4 26. Rd1 e5 27.
Kf2 f4 28. Kf3 g5 29. b3 e4+ 30. Kf2 e3+ 31. Kf3 e2 32. Rg1 d2 33. Kxe2 Kc7 34.
Rd1 Re4+ 35. Kxd2 Re3 36. Re1 Rxh3 37. Re2 Kd6 38. Nc2 c5 39. Ne1 g4 40. Rg2 h5
41. Nd3 f3 42. Rf2 b6 43. Nf4 Rh4 44. Ng6 Rh3 45. Ke3 a6 46. Kf4 b5 47. Rd2+ Kc6
48. Kg5 bxc4 49. bxc4 Kb6 50. Nf4 Rxh2 51. Rxh2 g3 52. Rb2+ Ka5 53. Kh4 f2 54.
Rb1 1-0

[Event "European Blitz 2017"]
[Site "Katowice POL"]
[Date "2017.12.15"]
[Round "18.65"]
[White "Zwardon, Vojtech"]
[Black "Zawadzka, Jolanta"]
[Result "1-0"]
[WhiteTitle "IM"]
[BlackTitle "WGM"]
[WhiteElo "2408"]
[BlackElo "2424"]
[WhiteFideId "325511"]
[BlackFideId "1122320"]
[EventDate "2017.12.15"]
[EventType "blitz"]

1. c4 e5 2. g3 c6 3. Nf3 e4 4. Nd4 Nf6 5. Nc3 Qb6 6. e3 d5 7. cxd5 cxd5 8. d3
exd3 9. Qxd3 Bb4 10. Bg2 O-O 11. O-O Rd8 12. Bd2 Na6 13. Rac1 Nc5 14. Qb1 Bg4
15. a3 Bxc3 16. Bxc3 Nfe4 17. Bb4 Rac8 18. f3 Qh6 19. Rfe1 Bxf3 20. Nxf3 Nb3 21.
Rxc8 Rxc8 22. Qd3 a5 23. Qxb3 axb4 24. Qxd5 Nf6 25. Qxb7 1-0

[Event "European Blitz 2017"]
[Site "Katowice POL"]
[Date "2017.12.15"]
[Round "18.66"]
[White "Kovalev, Vladislav"]
[Black "Lewicki, Miroslaw"]
[Result "0-1"]
[WhiteTitle "GM"]
[BlackTitle "CM"]
[WhiteElo "2639"]
[BlackElo "2404"]
[WhiteFideId "13504398"]
[BlackFideId "1113380"]
[EventDate "2017.12.15"]
[EventType "blitz"]

1. d4 Nf6 2. Bf4 e6 3. e3 d5 4. Nd2 Nbd7 5. Ngf3 c5 6. c3 Be7 7. Bd3 O-O 8. Qe2
b6 9. Ne5 Bb7 10. g4 Ne4 11. f3 Bh4+ 12. Bg3 Nxd2 13. Kxd2 cxd4 14. Bxh4 dxc3+
15. bxc3 Qxh4 16. Nxd7 Rfc8 17. f4 d4 18. cxd4 Bxh1 19. Rxh1 Qe7 20. Ne5 Qa3 21.
Rb1 Qxa2+ 22. Ke1 Qa5+ 23. Kf2 Rc3 24. Nc4 Qd5 25. g5 Rc8 26. Ne5 Rc1 27. Rxc1
Rxc1 28. Qb2 Qh1 29. Nf3 Rg1 30. Nxg1 Qxh2+ 31. Kf3 Qxb2 32. Ne2 a5 33. f5 exf5
34. d5 a4 35. d6 Qd2 36. Nf4 Kf8 37. d7 Ke7 38. Bxf5 g6 39. Be4 Kxd7 40. Nd5 Qb2
41. Nf6+ Kd6 42. Bd5 Qxf6+ 0-1

[Event "European Blitz 2017"]
[Site "Katowice POL"]
[Date "2017.12.15"]
[Round "18.67"]
[White "Macko, Miroslav"]
[Black "Meskovs, Nikita"]
[Result "0-1"]
[WhiteTitle "FM"]
[BlackTitle "GM"]
[WhiteElo "2262"]
[BlackElo "2538"]
[WhiteFideId "14932695"]
[BlackFideId "11602740"]
[EventDate "2017.12.15"]
[EventType "blitz"]

1. e4 Nf6 2. e5 Nd5 3. d4 d6 4. c4 Nb6 5. exd6 exd6 6. Nc3 Be7 7. Be2 O-O 8. Nf3
Re8 9. O-O Nc6 10. Bf4 Bg4 11. b3 Bf6 12. Rc1 a6 13. d5 Ne7 14. Re1 Ng6 15. Bg3
Nd7 16. Nd4 Bxe2 17. Rxe2 Rxe2 18. Ncxe2 Nc5 19. Nf5 Qd7 20. Ned4 Re8 21. Qf3
Ne5 22. Bxe5 Bxe5 23. Rd1 g6 24. Ne3 Bg7 25. g3 Qe7 26. Ng4 h5 27. Ne3 Qe4 28.
Qxe4 Nxe4 29. a4 Nc3 30. Rd3 Bxd4 31. Nc2 Bg7 32. Kg2 Ne4 33. Kf3 Nc5 34. Rd1
Nxb3 35. Kg2 b6 36. Rb1 Nc5 37. Nb4 a5 38. Nc6 Nxa4 39. h4 Nc3 40. Rc1 a4 0-1

[Event "European Blitz 2017"]
[Site "Katowice POL"]
[Date "2017.12.15"]
[Round "18.68"]
[White "Lavendelis, Egons"]
[Black "Laurusas, Tomas"]
[Result "0-1"]
[WhiteTitle "FM"]
[BlackTitle "IM"]
[WhiteElo "2278"]
[BlackElo "2423"]
[WhiteFideId "11601647"]
[BlackFideId "12803731"]
[EventDate "2017.12.15"]
[EventType "blitz"]

1. e4 c6 2. d4 d5 3. Nc3 a6 4. Nf3 Bg4 5. Be3 e6 6. h3 Bh5 7. e5 Nd7 8. g4 Bg6
9. Bg2 Ne7 10. Ne2 c5 11. c3 Nc6 12. Qd2 cxd4 13. cxd4 Bb4 14. Nc3 Nb6 15. O-O
Nc4 16. Qe2 O-O 17. Rac1 Rc8 18. b3 Na3 19. Na4 Nb5 20. Nc5 Ba3 21. Nxb7 Qe7 22.
Nc5 Bxc1 23. Rxc1 Nb4 24. a4 Na7 25. Bg5 Qe8 26. Nh4 Nac6 27. Be3 Qe7 28. Nxg6
hxg6 29. Qd2 a5 30. Bf1 Nd8 31. Bb5 Rc7 32. Bg5 f6 33. exf6 gxf6 34. Bh6 Rf7 35.
Be3 Nb7 36. Nxb7 Rxc1+ 37. Qxc1 Qxb7 38. Bf4 Qe7 39. Qc8+ Kh7 40. Qa8 e5 41.
dxe5 fxe5 42. Bd2 Qc5 43. Be1 Qc1 44. Kf1 Nc2 45. Qxd5 Ne3+ 0-1

[Event "European Blitz 2017"]
[Site "Katowice POL"]
[Date "2017.12.15"]
[Round "18.69"]
[White "Pena Gomez, Manuel"]
[Black "Ondrus, Martin"]
[Result "1-0"]
[WhiteTitle "IM"]
[WhiteElo "2491"]
[BlackElo "2261"]
[WhiteFideId "2252813"]
[BlackFideId "14913330"]
[EventDate "2017.12.15"]
[EventType "blitz"]

1. g3 d5 2. Bg2 c6 3. Nf3 Bg4 4. O-O Nd7 5. b3 Ngf6 6. Bb2 e6 7. c4 Bd6 8. Qc2
O-O 9. d3 Re8 10. Nbd2 e5 11. h3 Bh5 12. e4 dxe4 13. Nxe4 Nxe4 14. dxe4 Bxf3 15.
Bxf3 Bc5 16. Rad1 Qc7 17. Rd3 Nf8 18. a3 Ne6 19. b4 Bd4 20. Bc1 c5 21. b5 a6 22.
a4 axb5 23. axb5 Ra1 24. Kg2 Rea8 25. Bg4 R8a2 26. Qd1 Ng5 27. Bf5 Ne6 28. Bxe6
fxe6 29. Qg4 Qf7 30. Rf3 Qg6 31. Qh4 Ra8 32. Be3 Rxf1 33. Kxf1 Qe8 34. Kg2 Qg6
35. Bxd4 exd4 36. Qf4 h6 37. h4 Kh7 38. Qe5 Ra2 39. Qxc5 Qxe4 40. Qh5 Ra3 41. c5
d3 42. c6 d2 43. cxb7 d1=Q 44. b8=Q Qdxf3+ 45. Qxf3 Qxf3+ 46. Kh3 Qh1+ 47. Kg4
Qe4+ 48. f4 Qe2+ 49. Kh3 Qf1+ 50. Kg4 Qe2+ 51. Kh3 Qd1 52. b6 Qf3 53. f5 exf5
54. Qe5 Qg4+ 55. Kg2 Ra2+ 56. Kf1 Qf3+ 1-0

[Event "European Blitz 2017"]
[Site "Katowice POL"]
[Date "2017.12.15"]
[Round "18.70"]
[White "Kazakovskiy, Valeriy"]
[Black "Cherepov, Alexej"]
[Result "1/2-1/2"]
[WhiteTitle "IM"]
[WhiteElo "2422"]
[BlackElo "2156"]
[WhiteFideId "13507443"]
[BlackFideId "13503650"]
[EventDate "2017.12.15"]
[EventType "blitz"]

1. d4 d5 2. c4 dxc4 3. Qa4+ Nc6 4. Nf3 Nf6 5. Qxc4 Nd5 6. a3 Bg4 7. Nbd2 e6 8.
e4 Nf6 9. Qd3 Be7 10. b4 a6 11. Bb2 O-O 12. Ne5 Nxe5 13. dxe5 Qxd3 14. Bxd3 Nd7
15. f4 Bh5 16. h3 Bh4+ 17. Kf1 Bg3 18. Be2 Bg6 19. Rd1 Bxf4 20. Nf3 Rad8 21. Bd3
Nb8 22. Ke2 Nc6 23. g4 Rd7 24. Bc2 Rfd8 25. Rxd7 Rxd7 26. Bc3 h5 27. Rb1 hxg4
28. hxg4 Na7 29. a4 Nc6 30. b5 axb5 31. axb5 Ne7 32. Ra1 Nc8 33. Ra8 Rd8 34. Rb8
b6 35. Rb7 Rd7 36. Rb8 Rd8 37. Bb4 f6 38. exf6 gxf6 39. Be7 Re8 40. Bxf6 Kf7 41.
Be5 Bxe5 42. Nxe5+ Kf6 43. Nxg6 Kxg6 44. e5+ Kf7 45. Rb7 Re7 46. Ke3 Rd7 47. g5
Ne7 48. Be4 Ng6 49. Bc6 Re7 50. Ke4 Kg7 51. Rb8 Kf7 52. Rd8 Kg7 53. Rd1 Kf7 54.
Rf1+ Kg7 55. Rf6 Nh4 56. Kd4 Ng6 57. Be4 Nf8 58. Ke3 Nd7 59. Rg6+ Kf7 60. Kd4
Nc5 61. Bc2 Rd7+ 62. Ke3 Rd5 63. Rf6+ Ke7 64. Kf4 Rd4+ 65. Kf3 Rc4 66. Bh7 Rc3+
67. Ke2 Nd7 68. Rg6 Nxe5 69. Rf6 Rc5 70. Rf1 Rxb5 71. g6 Rb2+ 72. Ke3 Rg2 73.
Rc1 Kd7 74. Rd1+ Kc8 75. Ke4 Nxg6 76. Bg8 Nf8 77. Bf7 Kb7 78. Kf3 Rb2 79. Rd8
Nh7 80. Ke3 Rb3+ 81. Kd2 Ng5 82. Bg8 Rb5 83. Rd3 Rd5 84. Rxd5 exd5 85. Bxd5+ c6
86. Bg2 Nf7 87. Kc3 Kc7 88. Kd4 Kd6 89. Bf1 b5 90. Bh3 c5+ 91. Kc3 Ne5 92. Bf5
Kd5 93. Bh7 Nc6 94. Bg8+ Kd6 95. Ba2 Nb4 96. Bb1 Nd5+ 97. Kd2 c4 98. Bh7 Kc5 99.
Bg8 1/2-1/2

[Event "European Blitz 2017"]
[Site "Katowice POL"]
[Date "2017.12.15"]
[Round "18.71"]
[White "Skliarov, Viktor"]
[Black "Wachinger, Nikolas"]
[Result "1-0"]
[WhiteTitle "IM"]
[WhiteElo "2353"]
[BlackElo "2243"]
[WhiteFideId "14106736"]
[BlackFideId "12962791"]
[EventDate "2017.12.15"]
[EventType "blitz"]

1. e4 c5 2. Nf3 d6 3. d4 cxd4 4. Qxd4 Nf6 5. Nc3 a6 6. Be3 Nc6 7. Qd2 g6 8.
O-O-O Qc7 9. Nd5 Nxd5 10. exd5 Ne5 11. Nxe5 dxe5 12. Bd3 Bg7 13. Bh6 O-O 14. h4
Qd6 15. h5 Qf6 16. Bg5 Qd6 17. Bh6 Qf6 18. hxg6 fxg6 19. Bxg7 Qxg7 20. Bc4 Kh8
21. Rh4 Bf5 22. g4 Be4 23. g5 Bf3 24. Re1 e4 25. Be2 Bg2 26. Bg4 Qf7 27. Re2 Qf4
28. c4 b6 29. Be6 Qxh4 30. Qd4+ Rf6 31. gxf6 Qxf6 32. Qxb6 Rf8 33. Qe3 Bf3 34.
Rd2 Kg7 35. c5 Qe5 36. c6 Kf6 37. Qd4 1-0

[Event "European Blitz 2017"]
[Site "Katowice POL"]
[Date "2017.12.15"]
[Round "18.72"]
[White "Brzezinski, Mateusz"]
[Black "Berchtenbreiter, Maximilian"]
[Result "0-1"]
[BlackTitle "IM"]
[WhiteElo "2164"]
[BlackElo "2387"]
[WhiteFideId "1177117"]
[BlackFideId "24641120"]
[EventDate "2017.12.15"]
[EventType "blitz"]

1. d4 Nf6 2. Bg5 e6 3. e4 c5 4. Nf3 cxd4 5. Bxf6 Qxf6 6. Qxd4 Qxd4 7. Nxd4 a6 8.
a4 b6 9. Nd2 Bb7 10. Bd3 d6 11. O-O Nd7 12. b4 g6 13. c3 Bg7 14. Rfc1 Ke7 15.
Rab1 Rhc8 16. Ne2 Bh6 17. f4 Bg7 18. Nf3 Rc7 19. c4 Rac8 20. Ng3 d5 21. exd5
exd5 22. Re1+ Kf8 23. cxd5 Bxd5 24. Bxa6 Ra8 25. Bb5 Bxf3 26. gxf3 Nf6 27. Rbd1
Ng8 28. f5 Bc3 29. Re4 Nf6 30. Rc4 Rxc4 31. Bxc4 Rxa4 32. fxg6 hxg6 33. Rd6 Rxb4
34. Rc6 Rb2 35. Ne2 Be5 36. f4 Nd7 37. fxe5 Nxe5 38. Rc8+ Kg7 39. Nf4 Rb4 40.
Re8 Rxc4 41. Nd5 Re4 42. Kg2 b5 43. Nc3 Rg4+ 44. Kh3 Rg5 45. Nxb5 Nf3 46. Nc3 f5
47. Re3 Ng1+ 48. Kh4 Rg4# 0-1

[Event "European Blitz 2017"]
[Site "Katowice POL"]
[Date "2017.12.15"]
[Round "18.73"]
[White "Medarde Santiago, Luis Marcos"]
[Black "Kourousis, Epaminondas"]
[Result "0-1"]
[WhiteTitle "FM"]
[BlackTitle "IM"]
[WhiteElo "2350"]
[BlackElo "2393"]
[WhiteFideId "2263076"]
[BlackFideId "4211626"]
[EventDate "2017.12.15"]
[EventType "blitz"]

1. e4 c6 2. Nc3 d5 3. Nf3 dxe4 4. Nxe4 Nf6 5. Nxf6+ exf6 6. Bc4 Bd6 7. Qe2+ Be7
8. O-O O-O 9. d4 Bd6 10. Qe4 Re8 11. Qh4 Bf5 12. c3 Nd7 13. Bd2 Re4 14. Qh5 g6
15. Bxf7+ Kh8 16. Bxg6 Bxg6 17. Qh3 Nf8 18. Rfe1 Qd7 19. Qh6 Qg7 20. Qh4 Rxh4 0-1

[Event "European Blitz 2017"]
[Site "Katowice POL"]
[Date "2017.12.15"]
[Round "18.74"]
[White "Miezis, Normunds"]
[Black "Barski, Radoslaw"]
[Result "1-0"]
[WhiteTitle "GM"]
[BlackTitle "IM"]
[WhiteElo "2434"]
[BlackElo "2452"]
[WhiteFideId "11600136"]
[BlackFideId "1131710"]
[EventDate "2017.12.15"]
[EventType "blitz"]

1. c4 Nf6 2. g3 g6 3. Bg2 Bg7 4. e4 d6 5. Nc3 O-O 6. Nge2 c5 7. d3 Nc6 8. h3 Ne8
9. a3 Nc7 10. Rb1 a5 11. O-O Rb8 12. Nd5 Ne6 13. Nec3 Ned4 14. Kh2 e6 15. Ne3 f5
16. f4 Bd7 17. Bd2 h5 18. a4 h4 19. g4 e5 20. exf5 exf4 21. Ned5 f3 22. Bxf3
Nxf3+ 23. Qxf3 gxf5 24. g5 f4 25. Qh5 Rf5 26. Ne4 Be8 27. Qxh4 Bg6 28. Nef6+ Kf7
29. Rxf4 Rxf4 30. Qxf4 Ne5 31. Bc3 Nxd3 32. Qg3 Bxf6 33. Nxf6 Qh8 34. Rf1 Ke6
35. Qg4+ Ke7 36. Qd7+ 1-0

[Event "European Blitz 2017"]
[Site "Katowice POL"]
[Date "2017.12.15"]
[Round "18.75"]
[White "Mikrut, Dariusz"]
[Black "Peterson, Emery"]
[Result "1-0"]
[WhiteTitle "IM"]
[WhiteElo "2375"]
[BlackElo "2168"]
[WhiteFideId "1112791"]
[BlackFideId "4610920"]
[EventDate "2017.12.15"]
[EventType "blitz"]

1. d4 e6 2. Nf3 d5 3. c4 f5 4. Nc3 c6 5. Qc2 Nf6 6. Bf4 Bd6 7. e3 O-O 8. Bd3 Ne4
9. h4 b6 10. Ne5 Bb7 11. cxd5 exd5 12. g4 Bxe5 13. Bxe5 Nd7 14. Bf4 c5 15. f3
Nxc3 16. bxc3 cxd4 17. cxd4 Rc8 18. Qg2 fxg4 19. Qxg4 Qe7 20. Kf2 Rc3 21. Rad1
Bc8 22. Qg5 Nf6 23. Rhg1 Rf7 24. Qe5 Qa3 25. Bb1 Qb2+ 26. Kg3 g6 27. Rg2 Nh5+
28. Kh2 1-0

[Event "European Blitz 2017"]
[Site "Katowice POL"]
[Date "2017.12.15"]
[Round "18.76"]
[White "Sieciechowicz, Marcin"]
[Black "Mroziak, Maciej"]
[Result "1-0"]
[WhiteTitle "IM"]
[BlackTitle "IM"]
[WhiteElo "2387"]
[BlackElo "2397"]
[WhiteFideId "1130170"]
[BlackFideId "1139665"]
[EventDate "2017.12.15"]
[EventType "blitz"]

1. d4 d5 2. c4 Nc6 3. Nc3 dxc4 4. d5 Ne5 5. e4 Nf6 6. Bf4 Nfd7 7. Nf3 Ng6 8. Bg3
c6 9. Bxc4 Nb6 10. Bb3 e6 11. d6 h5 12. h3 h4 13. Bh2 e5 14. Bxe5 Be6 15. Bxe6
fxe6 16. Qb3 Qd7 17. O-O-O O-O-O 18. Bh2 Rh5 19. e5 Qf7 20. Kb1 Nxe5 21. Bxe5
Qg6+ 22. Ka1 Qxg2 23. Qxe6+ Nd7 24. Qg4 Qxg4 25. hxg4 Rxe5 26. Nxe5 Nxe5 27.
Rxh4 Bxd6 28. Ne4 Be7 29. Rxd8+ Kxd8 30. Rh8+ Kc7 31. g5 Nf7 32. Rg8 Nxg5 33.
Nxg5 1-0

[Event "European Blitz 2017"]
[Site "Katowice POL"]
[Date "2017.12.15"]
[Round "18.78"]
[White "Stauskas, Lukas"]
[Black "Lubczynski, Rafal"]
[Result "0-1"]
[BlackTitle "IM"]
[WhiteElo "2349"]
[BlackElo "2429"]
[WhiteFideId "12808148"]
[BlackFideId "1126091"]
[EventDate "2017.12.15"]
[EventType "blitz"]

1. d4 Nf6 2. c4 c6 3. Nc3 d5 4. Nf3 a6 5. a4 e6 6. Bf4 a5 7. e3 Na6 8. Be2 Be7
9. O-O O-O 10. h3 Nb4 11. Qb3 b6 12. Rac1 Ba6 13. Ne5 Nd7 14. cxd5 exd5 15. Bxa6
Rxa6 16. Na2 Nxe5 17. Bxe5 c5 18. Nxb4 axb4 19. dxc5 bxc5 20. Rfd1 c4 21. Qc2
Qa8 22. Ra1 f6 23. Bf4 b3 24. Qf5 Rd8 25. Bc7 Qc8 26. Qxc8 Rxc8 27. Bf4 Ra5 28.
Rd4 Kf7 29. Rad1 Ke6 30. e4 Rxa4 31. exd5+ Kd7 32. d6 Bd8 33. Bd2 Bb6 34. Rd5
Rc5 35. Bc3 Rxd5 36. Rxd5 Ra1+ 37. Kh2 Rc1 38. Rd2 Rxc3 39. bxc3 Ba5 40. Rd4 b2
41. Rd1 Bxc3 42. Kg3 Bb4 43. Kf3 c3 0-1